Vai trò của nhà nước trong kinh tế thị trường Trung Quốc /

محفوظ في:
التفاصيل البيبلوغرافية
المؤلف الرئيسي: Trần Văn Tùng, PGS.TS.
مؤلفون آخرون: Trần Việt Dung, ThS.
التنسيق: مقال
اللغة:Vietnamese
الموضوعات:
الوسوم: إضافة وسم
لا توجد وسوم, كن أول من يضع وسما على هذه التسجيلة!
Thư viện lưu trữ: Thư viện Trường Đại học Đà Lạt
LEADER 00860nam a2200277 4500
001 DLU110128263
005 ##20111121
040 # # |a DLU  |b vie 
041 # # |a vie 
044 # # |a vn 
100 # # |a Trần Văn Tùng,   |c PGS.TS. 
245 # # |a Vai trò của nhà nước trong kinh tế thị trường Trung Quốc /  |c Trần Văn Tùng, Trần Việt Dung. 
653 # # |a Kinh tế thị trường 
653 # # |a Quản lí nhà nước 
653 # # |a Trung Quốc 
700 # # |a Trần Việt Dung,   |c ThS. 
773 # # |t Nghiên cứu Trung Quốc  |g Số 9(109), 2010, tr. 9-20 
920 # # |a Phòng Tạp chí -- Trung tâm Thông tin - Thư viện Trường Đại học Đà Lạt 
994 # # |a DLU 
900 # # |a True 
911 # # |a Nguyễn Thị Linh Chi 
925 # # |a G 
926 # # |a A 
927 # # |a BB 
980 # # |a Thư viện Trường Đại học Đà Lạt